Statistics for Which movie did that song come from?

Click here to take the quiz!

General Stats

  • This quiz has been taken 18 times
  • The average score is 4 of 8

Answer Stats

HintAnswer% Correct
Let It GoFrozen
100%
For the First Time in ForeverFrozen
100%
Somewhere Over the RainbowThe Wizard of Oz
72%
Everything is AwesomeThe Lego Movie
67%
The Bannana SongDespicable Me 2
17%
ImmortalsBig Hero 6
11%
Beating HeartDivergent
0%
Safe and SoundThe Hunger Games
0%

Score Distribution

Percentile by Number Answered

Percent of People with Each Score

Your Score History

You have not taken this quiz